[Event "OGOLNOPOLSKA OLIMPIADA MLODZIEZY<br/>MISTRZOSTWA POLSKI JUNIOROW 2016 - D12"]
[Site "Olecko"]
[Date "2016-05-07"]
[Round "6.5"]
[White "Mucha, Marta"]
[Black "Bienko, Jagoda"]
[Result "0-1"]
[WhiteTitle "I"]
[BlackTitle "I"]
[WhiteElo "1425"]
[BlackElo "1354"]

1. d4 d5 2. Nf3 Nf6 3. e3 e6 4. Bd3 c5 5. b3 Be7 6. Bb2 Nc6 7. a3 b6 8. O-O O-O
9. Nbd2 cxd4 10. exd4 Bb7 11. Ne5 Ne4 12. Qe2 Nxd2 13. Nxc6 Bxc6 14. Qxd2 Bd6
15. f4 f5 16. Rae1 Rf6 17. Qf2 Rg6 18. Re2 Qf8 19. Rfe1 Re8 20. a4 Qf7 21. Bc1
Qc7 22. Bxf5 exf5 23. Rxe8+ Bxe8 24. Rxe8+ Kf7 25. Re2 Qc3 26. Re1 Rg4 27. Qe2
Qxd4+ 28. Kh1 Qe4 29. Qd2 Bb4 30. Rxe4 Bxd2 31. Re5 Bxc1 32. Rxf5+ Ke6 33. Re5+
Kd6 34. g3 Rg6 35. Re1 Bd2 36. Rd1 Bc3 37. Rd3 d4 38. Kg2 Kd5 39. Kf3 Re6 40.
h3 h5 41. h4 g6 42. Kf2 Be1+ 43. Kf1 Bc3 44. Kf2 Re7 45. Rd1 Re3 46. Rd3 Be1+
47. Kg2 Ke4 48. Kh3 Rxd3 49. cxd3+ Kxd3 0-1

[Event "OGOLNOPOLSKA OLIMPIADA MLODZIEZY<br/>MISTRZOSTWA POLSKI JUNIOROW 2016 - D12"]
[Site "Olecko"]
[Date "2016-05-07"]
[Round "6.6"]
[White "Chrobot, Patrycja"]
[Black "Zarebska, Lena"]
[Result "1-0"]
[WhiteTitle "I"]
[BlackTitle "I"]
[WhiteElo "1345"]
[BlackElo "1452"]

1. e4 c5 2. Nf3 Nc6 3. d4 cxd4 4. Nxd4 g6 5. Nc3 Bg7 6. Be3 Nf6 7. Nb3 O-O 8. f3
a5 9. Qd2 d6 10. O-O-O a4 11. Nd4 d5 12. Nxc6 bxc6 13. exd5 cxd5 14. Bh6 Be6 15.
Bxg7 Kxg7 16. g4 Qb6 17. Qd4 Qxd4 18. Rxd4 a3 19. b3 Rfc8 20. Rd3 h6 21. h4 Rd8
22. Bh3 Ne8 23. Bg2 Nc7 24. Rhd1 Rd6 25. Rd4 Rad8 26. Ra4 Ra6 27. Rad4 Rc6 28.
R4d3 Rcd6 29. Rd4 Rc6 30. R4d3 Rc8 31. Nb1 Nb5 32. R1d2 d4 33. Kd1 f5 34. f4 R6c7
35. g5 hxg5 36. hxg5 Bd7 37. Bd5 Bc6 38. Bc4 Rh8 39. Re2 Rh4 40. Re5 Be4 41. Rd2
Rh1+ 42. Ke2 Rxb1 43. Rxb5 Rb2 44. Ra5 Rxa2 45. Bd3 Bxd3+ 46. Kxd3 Rc3+ 47. Kxd4
Rcxc2 48. Rxc2 Rxc2 49. Rxa3 Kf7 50. b4 Rb2 51. Kc5 Rc2+ 52. Kd4 Rc8 53. Rb3 Ke6
54. b5 Kd6 55. b6 Rb8 56. b7 Kd7 57. Kd5 e6+ 58. Ke5 Ke7 59. Rb4 Kd7 60. Kf6 e5
61. Kxe5 Kc6 62. Kf6 Kc7 63. Kxg6 Rf8 64. b8=Q+ Rxb8 65. Rxb8 Kxb8 66. Kxf5 Kc8
67. g6 1-0

[Event "OGOLNOPOLSKA OLIMPIADA MLODZIEZY<br/>MISTRZOSTWA POLSKI JUNIOROW 2016 - D12"]
[Site "Olecko"]
[Date "2016-05-07"]
[Round "6.7"]
[White "Pisarek, Elzbieta"]
[Black "Trzaskowska, Hanna"]
[Result "1-0"]
[WhiteTitle "I"]
[BlackTitle "I"]
[WhiteElo "1324"]
[BlackElo "1390"]

1. e4 e5 2. Nf3 Nc6 3. Nc3 Nf6 4. d4 exd4 5. Nxd4 Bb4 6. Nxc6 bxc6 7. Bd3 O-O 8.
O-O d5 9. exd5 cxd5 10. h3 h6 11. Qf3 c6 12. Bf4 Bd6 13. Ne2 Bxf4 14. Nxf4 Qb6
15. b3 Ba6 16. Rfe1 Bxd3 17. Nxd3 Ne4 18. Qe3 Rfe8 19. a4 Qxe3 20. Rxe3 d4 21.
Ree1 Nc3 22. Kf1 Kf8 23. Ne5 Re6 24. Nd7+ Ke7 25. Nc5 Rxe1+ 26. Rxe1+ Kd6 27.
Ne4+ Nxe4 28. Rxe4 c5 29. f4 Rb8 30. Ke2 a6 31. g4 Rb7 32. Kd3 Re7 33. Rxe7 Kxe7
34. b4 Kd6 35. Kc4 cxb4 36. Kxd4 a5 37. Kc4 Kc6 38. h4 g6 39. f5 gxf5 40. gxf5
f6 41. h5 Kd6 42. Kb5 Kd5 43. Kxa5 Kc4 44. Kb6 Kc3 45. Kb5 Kxc2 46. Kxb4 Kd3 47.
a5 Ke4 48. a6 Kxf5 49. a7 Kg5 50. a8=Q Kxh5 51. Qg2 f5 52. Kc4 f4 53. Kd4 f3 54.
Qxf3+ Kg5 55. Ke5 Kh4 56. Kf4 1-0

[Event "OGOLNOPOLSKA OLIMPIADA MLODZIEZY<br/>MISTRZOSTWA POLSKI JUNIOROW 2016 - D12"]
[Site "Olecko"]
[Date "2016-05-07"]
[Round "6.8"]
[White "Lukasik, Zuzanna"]
[Black "Wawrzyniak, Weronika"]
[Result "1-0"]
[WhiteTitle "II+"]
[BlackTitle "I"]
[WhiteElo "1322"]
[BlackElo "1358"]

1. e4 e6 2. d4 d5 3. Nd2 Nf6 4. e5 Nfd7 5. Bd3 c5 6. c3 Nc6 7. Ne2 Be7 8. Nf3 O-O
9. O-O cxd4 10. cxd4 f6 11. exf6 Bxf6 12. Be3 e5 13. Qb3 Nb6 14. dxe5 Nxe5 15.
Ned4 Nxf3+ 16. Nxf3 Be6 17. Rfd1 Bf7 18. Qc2 Rc8 19. Qd2 Qd6 20. Bf4 Qd7 21. Ne5
Bxe5 22. Bxe5 Nc4 23. Bxc4 Rxc4 24. b3 Rg4 25. h3 Rg6 26. Bg3 h6 27. Rac1 Rc8
28. Qe3 Rxc1 29. Rxc1 Rc6 30. Rd1 a6 31. Qd3 b5 32. Be5 Rg6 33. Bg3 Re6 34. Kh2
Rg6 35. Qf3 Rf6 36. Qd3 Rg6 37. Qd4 Rc6 38. Rd2 Rg6 39. Re2 Re6 40. Be5 Rg6 41.
Re3 Qf5 42. Bg3 Qd7 43. Be5 Qf5 44. Rf3 Qe6 45. Qf4 Qd7 46. Qd4 Qe6 47. Qe3 Qd7
48. Qf4 Qe6 49. Re3 Qd7 50. g4 Qc8 51. Rf3 Qe6 52. Rg3 Rg5 53. Re3 Qd7 54. Qd4
Rg6 55. f4 Be8 56. f5 Rc6 57. Kg3 g6 58. Bh8 Rc8 59. Rd3 Qh7 60. Bf6 Qc7+ 61.
Be5 Qf7 62. Qxd5 Qxd5 63. Rxd5 gxf5 64. gxf5 Rc2 65. a3 Ra2 66. Bd6 Bf7 67. Rc5
Bxb3 68. Rc6 a5 69. Bc5 h5 70. Rc7 Ra1 71. f6 Rf1 72. Rg7+ Kh8 73. Bd4 h4+ 74.
Kg2 Rd1 75. Rd7 Kg8 76. Rg7+ Kh8 77. Rg4 Rd2+ 78. Kf1 Bc4+ 79. Ke1 Re2+ 80. Kd1
Kh7 81. f7 Bxf7 82. Rxh4+ 1-0

[Event "OGOLNOPOLSKA OLIMPIADA MLODZIEZY<br/>MISTRZOSTWA POLSKI JUNIOROW 2016 - D12"]
[Site "Olecko"]
[Date "2016-05-07"]
[Round "6.9"]
[White "Krzyzosiak, Marta"]
[Black "Nowak, Roksana"]
[Result "1-0"]
[WhiteTitle "II"]
[BlackTitle "II+"]
[WhiteElo "1345"]
[BlackElo "1290"]

1. e4 e5 2. Nf3 d5 3. exd5 Bd6 4. Nc3 Nf6 5. Bb5+ c6 6. dxc6 bxc6 7. Bc4 Bg4 8.
d3 h6 9. h3 Bh5 10. O-O O-O 11. Qe2 Re8 12. Qe3 Nbd7 13. Nd2 Bg6 14. Nde4 Bc7
15. Nxf6+ Nxf6 16. Qg3 e4 17. Qxg6 Qd6 18. g3 Qf8 19. Nxe4 Nxe4 20. dxe4 Rad8
21. Qxc6 Bb6 22. Be3 Rd6 23. Qb5 a6 24. Qf5 Rf6 25. Qg4 Bc7 26. Bd4 Rc6 27. Bb3
Kh8 28. Ba4 Rg6 29. Qd7 Rd8 30. Qxc7 Rxd4 31. Bb3 Rxe4 32. Qxf7 Qxf7 33. Bxf7
Rf6 34. Bb3 a5 35. Rfe1 Rb4 36. c3 Rb8 37. Re5 Rbf8 38. Rf1 Kh7 39. Rxa5 Rd6 40.
Rd5 Rb6 41. Rfd1 Rbf6 42. R1d2 Re8 43. Bc2+ Kg8 44. Rd8 Rff8 45. Rxe8 Rxe8 46.
Kf1 Ra8 47. a4 Rb8 48. b4 Rc8 49. Bb3+ Kh7 50. c4 Rb8 51. b5 Rf8 52. Rd3 Re8 53.
a5 Ra8 54. a6 Re8 55. Re3 Rd8 56. a7 Rc8 57. b6 Rd8 58. b7 Rd2 59. b8=Q Rd7 60.
a8=Q Rf7 61. Bc2+ g6 62. Qh8# 1-0

[Event "OGOLNOPOLSKA OLIMPIADA MLODZIEZY<br/>MISTRZOSTWA POLSKI JUNIOROW 2016 - D12"]
[Site "Olecko"]
[Date "2016-05-07"]
[Round "6.10"]
[White "Adamczyk, Zuzanna"]
[Black "Sloniewska, Alicja"]
[Result "1-0"]
[WhiteTitle "I"]
[BlackTitle "II"]
[WhiteElo "1642"]
[BlackElo "1097"]

1. e4 d5 2. exd5 Nf6 3. Bb5+ Bd7 4. Bc4 Bf5 5. Nc3 g6 6. Nge2 Bg7 7. d4 O-O 8.
O-O Nbd7 9. Ng3 Nb6 10. Bb3 Bg4 11. f3 Bc8 12. Re1 Nfxd5 13. Nxd5 Nxd5 14. c3
Nb6 15. Bg5 Re8 16. Qd2 Qd7 17. Qf4 e6 18. Ne4 Qb5 19. Qxc7 Nd5 20. Qg3 Qd7 21.
Nd6 Rf8 22. Bxd5 exd5 23. Be7 Re8 24. Nxe8 Qxe8 25. Bf6 Qc6 26. Bxg7 Kxg7 27.
Qe5+ Kh6 28. Qh8 b6 29. Qf8+ Kg5 30. Re5+ Kf6 31. Qh8# 1-0

[Event "OGOLNOPOLSKA OLIMPIADA MLODZIEZY<br/>MISTRZOSTWA POLSKI JUNIOROW 2016 - D12"]
[Site "Olecko"]
[Date "2016-05-07"]
[Round "6.11"]
[White "Szczypawka, Aleksandra"]
[Black "Wojtas, Julia"]
[Result "1-0"]
[WhiteTitle "I"]
[BlackTitle "I"]
[WhiteElo "1378"]
[BlackElo "1274"]

1. d4 e6 2. e4 d5 3. Nc3 Bb4 4. Nge2 c5 5. dxc5 Bxc5 6. exd5 Nf6 7. dxe6 Qxd1+
8. Nxd1 Bxe6 9. Be3 Nbd7 10. Bxc5 Nxc5 11. Ndc3 O-O-O 12. Nf4 Bf5 13. Rc1 Rhe8+
14. Be2 Rd4 15. g3 g5 16. Ng2 Nce4 17. O-O Nxc3 18. bxc3 Rd2 19. Ne3 Bxc2 20.
Bb5 Rxe3 21. fxe3 Ng4 22. Rxf7 Be4 23. Kf1 Rxh2 24. Ke1 Ne5 25. Rf2 Rh1+ 26. Rf1
Rh2 27. Be2 Rg2 28. g4 Bd3 29. Rf2 Rg1+ 30. Kd2 Rxc1 31. Kxc1 Kc7 32. Kd2 Bxe2
33. Kxe2 Kd6 34. Rf6+ Kd5 35. Rf5 Ke4 36. Rxg5 h6 37. Rg7 b5 38. Rxa7 Nxg4 39.
Re7+ Kf5 40. Rb7 Ne5 41. Rxb5 h5 42. a4 h4 43. Kf2 Ke4 44. Rb4+ Kf5 45. Rxh4 Nd3+
46. Ke2 Nc1+ 47. Kd2 Nb3+ 48. Kc2 Kg5 49. Kxb3 1-0

[Event "OGOLNOPOLSKA OLIMPIADA MLODZIEZY<br/>MISTRZOSTWA POLSKI JUNIOROW 2016 - D12"]
[Site "Olecko"]
[Date "2016-05-07"]
[Round "6.12"]
[White "Mysliwiec, Natalia"]
[Black "Krzyzosiak, Anna"]
[Result "1-0"]
[WhiteTitle "I"]
[BlackTitle "I"]
[WhiteElo "1374"]
[BlackElo "1263"]

1. e4 c5 2. Nf3 d6 3. d4 cxd4 4. Nxd4 Nf6 5. Nc3 g6 6. Be3 Bg7 7. Bc4 a6 8. f3
Nbd7 9. Qd2 b5 10. Bb3 Bb7 11. Bh6 Bxh6 12. Qxh6 Qb6 13. O-O-O b4 14. Nd5 Bxd5
15. Bxd5 Rc8 16. Rhe1 Qc5 17. Bb3 Nb6 18. f4 Nfd7 19. e5 dxe5 20. fxe5 Nc4 21.
e6 Nf6 22. exf7+ Kxf7 23. Ne6 Qc6 24. Qg7+ Ke8 25. Qxh8+ Kf7 26. Ng5# 1-0

[Event "OGOLNOPOLSKA OLIMPIADA MLODZIEZY<br/>MISTRZOSTWA POLSKI JUNIOROW 2016 - D12"]
[Site "Olecko"]
[Date "2016-05-07"]
[Round "6.13"]
[White "Kroliczek, Gabriela"]
[Black "Gebal, Katarzyna"]
[Result "1/2-1/2"]
[WhiteTitle "I"]
[BlackTitle "II"]
[WhiteElo "1357"]
[BlackElo "1252"]

1. e4 e5 2. Nf3 Nc6 3. Bb5 Bd6 4. O-O Qf6 5. Nc3 Nge7 6. d3 h6 7. Nd2 O-O 8. Nc4
Bc5 9. Na4 Bb6 10. Naxb6 axb6 11. f4 Nd4 12. fxe5 Qg6 13. e6 Qxe6 14. Na3 Nxb5
15. Nxb5 Qc6 16. Nc3 d5 17. exd5 Nxd5 18. Nxd5 Qxd5 19. a3 Be6 20. Kh1 Rfe8 21.
Bf4 Qc6 22. c3 Rad8 23. d4 Bc4 24. Re1 Rxe1+ 25. Qxe1 Re8 26. Qg3 Re7 27. Re1
Rxe1+ 28. Qxe1 Kf8 29. Qe5 Qa4 30. h3 Qc6 31. Qxc7 Qxc7 32. Bxc7 b5 33. Kg1 Ke7
34. Bb6 Ke6 35. Kf2 Bd5 36. g3 h5 37. h4 Kf5 38. Bc7 Ke4 39. Ke2 Bb3 40. Bd6 g6
41. Kf2 Bc4 42. Ke1 Kd3 43. Kf2 Ke4 1/2-1/2

[Event "OGOLNOPOLSKA OLIMPIADA MLODZIEZY<br/>MISTRZOSTWA POLSKI JUNIOROW 2016 - D12"]
[Site "Olecko"]
[Date "2016-05-07"]
[Round "6.14"]
[White "Bugaj, Hanna"]
[Black "Anyz, Monika"]
[Result "1-0"]
[WhiteTitle "II"]
[BlackTitle "I"]
[WhiteElo "1417"]
[BlackElo "1255"]

1. d4 d5 2. Nf3 Nf6 3. e3 e6 4. Bd3 Be7 5. Nbd2 O-O 6. O-O Nbd7 7. b3 b6 8. Bb2
Bb7 9. a3 c5 10. Qe2 a6 11. Ne5 Ne4 12. f3 Nef6 13. f4 Ne4 14. Rf3 b5 15. Rh3
c4 16. Bxe4 dxe4 17. Nxd7 Qxd7 18. Qh5 h6 19. Qg4 Kh7 20. d5 f6 21. Rg3 Bd8 22.
dxe6 Qe7 23. a4 Rg8 24. Qg6+ Kh8 25. Rh3 Bc6 26. Ba3 Qc7 27. e7 Re8 28. exd8=Q
Raxd8 29. Nf1 cxb3 30. Bb2 Qe7 31. Rxh6+ Kg8 32. Bxf6 Qf7 33. Qh7+ Kf8 34. Qh8+
Qg8 35. Bxg7+ Kf7 36. Rf6+ Ke7 37. Qxg8 Rxg8 38. Rxc6 Rxg7 39. Rc7+ Kf6 40. Rxg7
Kxg7 41. cxb3 b4 42. Ng3 Rd3 43. Rb1 Kf6 44. Nxe4+ Kf5 45. Nc5 Rd6 46. Kf2 Rc6
47. Rc1 a5 48. e4+ Kg6 49. Kf3 Rd6 50. f5+ Kf7 51. g4 Rh6 52. Kg3 Rh8 53. Nb7
Ra8 54. h4 Kf6 55. Kf4 Kf7 56. g5 Kf8 57. h5 Kg8 58. g6 Kf8 59. f6 Kg8 60. h6
Kh8 61. Nxa5 Kg8 62. Nb7 Kh8 63. Rd1 Kg8 64. Rd8+ Rxd8 65. Nxd8 Kh8 66. Nf7+ Kg8
67. h7+ Kf8 68. h8=Q# 1-0

[Event "OGOLNOPOLSKA OLIMPIADA MLODZIEZY<br/>MISTRZOSTWA POLSKI JUNIOROW 2016 - D12"]
[Site "Olecko"]
[Date "2016-05-07"]
[Round "6.15"]
[White "Chojnowska, Karolina"]
[Black "Dadello, Barbara"]
[Result "0-1"]
[WhiteTitle "II"]
[BlackTitle "II+"]
[WhiteElo "1146"]
[BlackElo "1495"]

1. e4 c5 2. Nf3 d6 3. c3 Nf6 4. Be2 e6 5. O-O Be7 6. Bb5+ Bd7 7. Bxd7+ Nbxd7 8.
Re1 O-O 9. d4 cxd4 10. cxd4 Qc7 11. Nc3 a6 12. h3 b5 13. a3 Nb6 14. Nd2 Rac8 15.
f4 d5 16. e5 Nfd7 17. g4 Qc6 18. Kh1 a5 19. Qf3 b4 20. axb4 axb4 21. Ne2 Ra8 22.
Rxa8 Rxa8 23. Rg1 Qc2 24. g5 Na4 25. Qb3 Qxb3 26. Nxb3 Rc8 27. Rd1 Rc2 28. Rd2
Rxd2 29. Nxd2 f6 30. h4 fxe5 31. fxe5 Kf7 32. Kg2 Kg6 33. Kg3 Kf5 34. Kh3 Ndb6
35. Kg3 Nc4 36. Nxc4 dxc4 37. Kf3 Kg6 38. Kg3 b3 39. Kh3 Bb4 40. Kg4 c3 41. bxc3
Nxc3 42. Nf4+ Kf7 43. h5 g6 44. hxg6+ hxg6 45. Kf3 Na4 46. Nd3 Bc3 47. Ke4 b2
48. Nxb2 Nxb2 49. Be3 Ke7 50. d5 Nc4 51. Bf4 Bd2 52. Bxd2 Nxd2+ 53. Kd3 Nf3 54.
d6+ Kd7 55. Ke4 Nxg5+ 56. Ke3 Nf7 57. Kf4 g5+ 58. Ke4 g4 59. Kf4 g3 60. Kxg3 Nxe5
0-1

[Event "OGOLNOPOLSKA OLIMPIADA MLODZIEZY<br/>MISTRZOSTWA POLSKI JUNIOROW 2016 - D12"]
[Site "Olecko"]
[Date "2016-05-07"]
[Round "6.16"]
[White "Libura, Julianna"]
[Black "Tomaszek, Katarzyna"]
[Result "1-0"]
[WhiteTitle "I"]
[BlackTitle "II"]
[WhiteElo "1266"]
[BlackElo "1134"]

1. e4 c6 2. d4 d5 3. exd5 cxd5 4. c4 Nf6 5. Nc3 Nc6 6. Nf3 Bg4 7. cxd5 Nxd5 8.
Be2 e6 9. O-O Be7 10. h3 Bh5 11. Nxd5 Qxd5 12. Be3 O-O 13. Qa4 Rfd8 14. Rfd1 a6
15. a3 b5 16. Qc2 Rac8 17. Qd2 Rd7 18. Rac1 Rcd8 19. Qc3 Na7 20. g4 Bg6 21. Ne5
Rb7 22. Bf4 Bd6 23. Qe3 Bxe5 24. dxe5 1-0

[Event "OGOLNOPOLSKA OLIMPIADA MLODZIEZY<br/>MISTRZOSTWA POLSKI JUNIOROW 2016 - D12"]
[Site "Olecko"]
[Date "2016-05-07"]
[Round "6.17"]
[White "Szewc, Dobromila"]
[Black "Jedrzejko, Martyna"]
[Result "0-1"]
[WhiteTitle "II"]
[BlackTitle "II+"]
[WhiteElo "1066"]
[BlackElo "1257"]

1. e4 e5 2. Nf3 Nc6 3. Bc4 Bc5 4. c3 Nf6 5. d3 d6 6. O-O O-O 7. b4 Bb6 8. a4 a6
9. a5 Ba7 10. Be3 Bxe3 11. fxe3 Be6 12. Nbd2 Ne7 13. h3 Ng6 14. Ng5 Bxc4 15. Nxc4
h6 16. Nf3 Qd7 17. Ra2 Rae8 18. g4 d5 19. exd5 Nxd5 20. Qd2 Qe6 21. e4 Nde7 22.
Qh2 Nc6 23. Rg2 Nf4 24. Rd2 Ng6 25. Qg3 Rd8 26. h4 Rde8 27. Rh2 Qe7 28. h5 Nf4
29. Rd1 Rd8 30. Ncxe5 Nxe5 31. Qxf4 Nxd3 32. Qf5 Ne5 33. Rxd8 Nxf3+ 34. Qxf3 Rxd8
35. Qe2 Re8 36. Qd2 Qxe4 37. Rf2 Qxg4+ 38. Rg2 Qxh5 39. Qf2 Rd8 40. Qg3 Rd1+ 41.
Kf2 Qf5+ 42. Qf3 Rd2+ 43. Kg3 Rd3 44. Rf2 Rxf3+ 45. Rxf3 Qg5+ 46. Kh2 Qe5+ 47.
Kh1 g5 48. Rd3 Qe4+ 49. Kg1 Qxd3 50. b5 g4 51. b6 c6 52. c4 g3 53. c5 h5 54. Kh1
Qf1# 0-1

[Event "OGOLNOPOLSKA OLIMPIADA MLODZIEZY<br/>MISTRZOSTWA POLSKI JUNIOROW 2016 - D12"]
[Site "Olecko"]
[Date "2016-05-07"]
[Round "6.18"]
[White "Pawlak, Emilia"]
[Black "Lewandowska, Weronika"]
[Result "1/2-1/2"]
[WhiteTitle "II"]
[BlackTitle "I"]
[WhiteElo "1196"]
[BlackElo "1110"]

1. e4 e6 2. d4 d5 3. e5 c5 4. c3 Nc6 5. Nf3 Qb6 6. Bd3 Bd7 7. dxc5 Bxc5 8. O-O
f6 9. Qe2 fxe5 10. Nxe5 Nxe5 11. Qxe5 Nf6 12. Qe2 O-O 13. b4 Be7 14. Kh1 a5 15.
Be3 Qc7 16. b5 Bc5 17. Bxc5 Qxc5 18. a4 Rac8 19. f4 Qd6 20. c4 Kh8 21. g4 Be8
22. h4 Nd7 23. Qh2 Nc5 24. Be2 Nb3 25. Ra3 Nd4 26. c5 Rxc5 27. Bd3 Bd7 28. h5
Rfc8 29. Qh4 Rc1 30. Rc3 Rxf1+ 31. Bxf1 Rf8 32. Bd3 Qxf4 33. Nd2 Qxd2 34. Qe7
Qe1+ 35. Bf1 Qxf1+ 36. Kh2 Qf7 37. Qa3 Rc8 38. Rxc8+ Bxc8 39. Qc5 Qf2+ 40. Kh3
Bd7 41. Qe7 Kg8 42. Qxd7 Qf7 43. Qc8+ Qf8 44. Qxb7 Qa3+ 45. Kh4 Qxa4 46. Qc8+
Kf7 47. Qc7+ Kf6 48. Qd8+ Ke5 49. Qc7+ Ke4 50. Qg3 Qb3 51. Qe1+ Qe3 52. Qb1+ Qd3
53. Qe1+ Qe3 54. Qb1+ Ke5 55. Qb2 Qb3 56. Qh2+ Ke4 57. Qh1+ Qf3 58. Qe1+ Qe3 59.
Qb1+ 1/2-1/2

[Event "OGOLNOPOLSKA OLIMPIADA MLODZIEZY<br/>MISTRZOSTWA POLSKI JUNIOROW 2016 - D12"]
[Site "Olecko"]
[Date "2016-05-07"]
[Round "6.19"]
[White "Matusik, Zuzanna"]
[Black "Sokol, Maria"]
[Result "1-0"]
[WhiteTitle "II"]
[BlackTitle "II"]
[WhiteElo "1060"]
[BlackElo "1175"]

1. d4 d5 2. Nf3 Nf6 3. e3 e6 4. Bd3 c5 5. b3 Be7 6. Bb2 Nbd7 7. O-O O-O 8. Nbd2
b6 9. Ne5 Bd6 10. f4 Bb7 11. Rf3 c4 12. Be2 cxb3 13. axb3 Ne4 14. Rh3 Nxd2 15.
Qxd2 Nf6 16. Bd3 a5 17. Qe2 Be7 18. Rf1 Qc8 19. Qf3 a4 20. Rc1 a3 21. Ba1 a2 22.
Bxh7+ Kh8 23. f5 g6 24. Bxg6+ Kg7 25. Qg3 Ne4 26. Rh7+ Kg8 27. Bxf7+ Kxh7 28.
Qg6+ Kh8 29. Qh6# 1-0

[Event "OGOLNOPOLSKA OLIMPIADA MLODZIEZY<br/>MISTRZOSTWA POLSKI JUNIOROW 2016 - D12"]
[Site "Olecko"]
[Date "2016-05-07"]
[Round "6.20"]
[White "Matyjasek, Michalina"]
[Black "Jacek, Nikola"]
[Result "1-0"]
[WhiteTitle "II"]
[BlackTitle "I"]
[WhiteElo "1263"]
[BlackElo "1233"]

1. d4 Nf6 2. c4 e6 3. Nc3 Bb4 4. Nf3 O-O 5. Bf4 b6 6. e3 Bb7 7. Be2 Ne4 8. Qc2
f5 9. O-O Bxc3 10. bxc3 d5 11. cxd5 exd5 12. c4 c5 13. h3 Nd7 14. Rfd1 cxd4 15.
Nxd4 Ndc5 16. cxd5 Bxd5 17. Bc4 Qd7 18. Nb5 Kh8 19. Rxd5 Qc6 20. Nd4 Qg6 21. Nf3
b5 22. Bxb5 Qf7 23. Rad1 Qb7 24. Bc4 Rac8 25. Ne5 Ne6 26. Rd7 Qb6 27. Qb3 Qxb3
28. axb3 N6c5 29. Rxa7 Nc3 30. Rc1 1-0

[Event "OGOLNOPOLSKA OLIMPIADA MLODZIEZY<br/>MISTRZOSTWA POLSKI JUNIOROW 2016 - D12"]
[Site "Olecko"]
[Date "2016-05-07"]
[Round "6.21"]
[White "Majczyna, Patrycja"]
[Black "Szyszko, Aleksandra"]
[Result "1-0"]
[WhiteTitle "II+"]
[BlackTitle "II"]
[WhiteElo "1205"]
[BlackElo "1254"]

1. e4 c5 2. Nf3 d6 3. d4 cxd4 4. Nxd4 Nf6 5. Nc3 a6 6. Be3 e5 7. Nf3 Be7 8. Bc4
Be6 9. Bxe6 fxe6 10. O-O O-O 11. Qd2 Nc6 12. Rad1 Re8 13. Bg5 Rf8 14. Rfe1 Qc7
15. h3 Rad8 16. a3 Rd7 17. b4 b5 18. Qd3 Rfd8 19. Qe3 Rb8 20. Rd2 Qb6 21. Qxb6
Rxb6 22. Red1 Rb8 23. Bxf6 gxf6 24. g4 Rc8 25. Ne2 Nd8 26. Ng3 Nf7 27. Ra1 d5
28. exd5 exd5 29. Nf5 Bf8 30. Rad1 d4 31. Ng3 Rc3 32. Rd3 Rxc2 33. Ne4 Rc6 34.
Nh4 Bg7 35. Nf5 Ra7 36. Kg2 a5 37. bxa5 Rca6 38. Rb3 Rxa5 39. Nxg7 Kxg7 40. Rc1
Rxa3 41. Rxb5 R3a6 42. Rd5 Ra5 43. Nc5 Ra1 44. Ne6+ Kg6 45. Rxa1 Rxa1 46. f4 Re1
47. f5+ Kh6 48. Rd7 Ng5 49. h4 Ne4 50. Nf8 Re2+ 51. Kf1 Ng3+ 52. Kg1 Re1+ 53.
Kf2 Re2+ 54. Kxg3 Re3+ 55. Kf2 Re2+ 56. Kxe2 1-0

[Event "OGOLNOPOLSKA OLIMPIADA MLODZIEZY<br/>MISTRZOSTWA POLSKI JUNIOROW 2016 - D12"]
[Site "Olecko"]
[Date "2016-05-07"]
[Round "6.22"]
[White "Szewczyk, Malwina"]
[Black "Czerwinska, Oliwia"]
[Result "1-0"]
[WhiteTitle "II"]
[BlackTitle "II"]
[WhiteElo "1253"]
[BlackElo "1203"]

1. e4 e5 2. Nf3 Nc6 3. Bc4 Nf6 4. Ng5 d5 5. exd5 Nd4 6. c3 b5 7. cxd4 bxc4 8. dxe5
Qxd5 9. exf6 Qxg5 10. Qf3 Qe5+ 11. Kd1 Bg4 12. Qxg4 Kd8 13. Re1 Qb5 14. Nc3 Qd7
15. Qxd7+ Kxd7 16. fxg7 Bxg7 17. b3 cxb3 18. axb3 c6 19. Ba3 Rhe8 20. Kc2 Bd4
21. Rxe8 Rxe8 22. Rf1 Bxc3 23. Kxc3 Re2 24. Bb4 Ke6 25. Bc5 a6 26. Be3 Kd5 27.
Kd3 Rxe3+ 28. fxe3 Ke6 29. Kc4 f5 30. Kc5 Kd7 31. Rxf5 Ke6 32. Rh5 a5 33. Kxc6
h6 34. Rxh6+ Ke5 35. d3 Kf5 36. Kd7 a4 37. bxa4 Kg4 38. a5 Kg5 39. a6 Kxh6 40.
a7 Kg6 41. a8=Q Kf5 42. Qf8+ Kg5 43. Ke6 Kg4 44. Qf5+ Kh4 45. g3# 1-0

[Event "OGOLNOPOLSKA OLIMPIADA MLODZIEZY<br/>MISTRZOSTWA POLSKI JUNIOROW 2016 - D12"]
[Site "Olecko"]
[Date "2016-05-07"]
[Round "7.1"]
[White "Wikar, Martyna"]
[Black "Marcinczyk, Monika"]
[Result "1-0"]
[WhiteTitle "I+"]
[BlackTitle "I"]
[WhiteElo "1726"]
[BlackElo "1617"]

1. e4 c5 2. Nf3 Nc6 3. d4 cxd4 4. Nxd4 Qb6 5. Nb3 Nf6 6. Nc3 e6 7. Be3 Qc7 8. a3
Be7 9. Be2 O-O 10. O-O a6 11. f4 d6 12. Qe1 b5 13. Qg3 Bb7 14. Bf3 b4 15. axb4
Nxb4 16. Nd4 Ne8 17. Rad1 Bf6 18. Rd2 e5 19. Nde2 exf4 20. Bxf4 Be5 21. Kh1 f6
22. Bg4 Qe7 23. Rfd1 Bxf4 24. Qxf4 Bc6 25. e5 dxe5 26. Qc4+ Kh8 27. Rd7 Bxd7 28.
Rxd7 Nd6 29. Qxb4 Qe8 30. Qxd6 Qg6 31. Bf3 Rab8 32. Be4 f5 33. Qxg6 hxg6 34. Bd5
e4 35. Rd6 Rf6 36. Rd7 e3 37. Re7 f4 38. Re4 g5 39. h3 Rbf8 40. Ra4 Kh7 41. Bf3
Rb8 42. Nd5 Rd6 43. b4 Rc8 44. c3 g6 45. Kg1 Kg7 46. Kf1 Kf7 47. Nd4 Rcd8 48.
Ke2 Ke8 49. c4 R8d7 50. c5 Rxd5 51. Bxd5 Rxd5 52. Nf3 a5 53. Rxa5 Kf7 54. c6 Rd6
55. Rc5 Rd8 56. c7 Rc8 57. b5 1-0

[Event "OGOLNOPOLSKA OLIMPIADA MLODZIEZY<br/>MISTRZOSTWA POLSKI JUNIOROW 2016 - D12"]
[Site "Olecko"]
[Date "2016-05-07"]
[Round "7.2"]
[White "Hertlein, Irena"]
[Black "Chrobot, Patrycja"]
[Result "1-0"]
[WhiteTitle "I"]
[BlackTitle "I"]
[WhiteElo "1397"]
[BlackElo "1345"]

1. d4 d5 2. Nf3 e6 3. c4 Nf6 4. g3 Be7 5. Bg2 O-O 6. O-O c6 7. Qc2 Nbd7 8. b3 Ne4
9. Ba3 Bxa3 10. Nxa3 Ng5 11. Nd2 f5 12. e3 Nf6 13. Qb2 Nfe4 14. Nxe4 Nxe4 15.
Nc2 Qf6 16. Ne1 Qh6 17. Nd3 Bd7 18. Ne5 Be8 19. Qa3 Qf6 20. Qb4 b6 21. h4 Qd8
22. Rac1 a5 23. Qa3 Qd6 24. Qxd6 Nxd6 25. cxd5 cxd5 26. Rc7 Nf7 27. Rb7 Nxe5 28.
dxe5 Bb5 29. Rc1 Rab8 30. Rcc7 Rxb7 31. Rxb7 Bd3 32. Rxb6 Re8 33. Rc6 Bb1 34.
a3 Be4 35. Bxe4 fxe4 36. Ra6 Rb8 37. Rxa5 Rxb3 38. Ra7 Kf8 39. a4 Ra3 40. a5 Ra1+
41. Kg2 Ra2 42. a6 d4 43. Rd7 dxe3 44. a7 e2 45. Rd2 Rxd2 46. a8=Q+ Kf7 47. Qxe4
Ra2 48. Qb7+ Ke8 49. Qb8+ Kf7 50. Qc7+ Ke8 51. Qc6+ Ke7 52. Qd6+ Kf7 53. Qd7+
Kf8 54. Qc8+ Kf7 55. Qc1 Ke8 56. Qe1 Kf7 57. Kh3 g6 58. f4 Kg7 59. Kg4 Kh6 60.
Qf2 Rc2 61. Qe3 Kg7 62. h5 Kf7 63. hxg6+ Kxg6 64. Qe4+ Kg7 65. Kh5 Rb2 66. Kg5
Rd2 67. Qb7+ Kf8 68. Kf6 e1=Q 69. Qf7# 1-0

[Event "OGOLNOPOLSKA OLIMPIADA MLODZIEZY<br/>MISTRZOSTWA POLSKI JUNIOROW 2016 - D12"]
[Site "Olecko"]
[Date "2016-05-07"]
[Round "7.3"]
[White "Bienko, Jagoda"]
[Black "Slusarczyk, Milena"]
[Result "0-1"]
[WhiteTitle "I"]
[BlackTitle "I"]
[WhiteElo "1354"]
[BlackElo "1372"]

1. d4 c5 2. d5 d6 3. c4 g6 4. e4 Bg7 5. Nc3 e6 6. Nf3 Ne7 7. Be2 O-O 8. O-O exd5
9. cxd5 f5 10. Nd2 a6 11. a4 Nd7 12. Nc4 Ne5 13. Nxe5 Bxe5 14. f3 Kh8 15. Bg5
Qe8 16. Bxe7 Qxe7 17. Qc2 Qh4 18. g3 Qe7 19. Rab1 Bd7 20. b3 Qg7 21. Nd1 b5 22.
a5 fxe4 23. fxe4 Bh3 24. Rf3 Bd4+ 25. Kh1 Rf6 26. Qd3 Raf8 27. Rc1 Qf7 28. Rf4
Rxf4 29. gxf4 Qxf4 30. Rc2 Bf1 31. Ra2 Bxe2 32. Qxe2 Qf1+ 33. Qxf1 Rxf1+ 34. Kg2
Rxd1 0-1

[Event "OGOLNOPOLSKA OLIMPIADA MLODZIEZY<br/>MISTRZOSTWA POLSKI JUNIOROW 2016 - D12"]
[Site "Olecko"]
[Date "2016-05-07"]
[Round "7.4"]
[White "Goraj, Barbara"]
[Black "Dylag, Emilia"]
[Result "1/2-1/2"]
[WhiteTitle "I"]
[BlackTitle "I"]
[WhiteElo "1605"]
[BlackElo "1768"]

1. e4 c5 2. Nf3 e6 3. d4 cxd4 4. Nxd4 Nf6 5. Nc3 Nc6 6. Nxc6 bxc6 7. e5 Nd5 8.
Ne4 Qc7 9. f4 Qa5+ 10. Qd2 Qb6 11. a3 a5 12. c4 Nc7 13. Qe3 Rb8 14. Qxb6 Rxb6
15. Bd3 Na6 16. Rb1 Nc5 17. Ke2 Nxd3 18. Kxd3 Bxa3 19. Kc2 Be7 20. Ra1 Ra6 21.
Bd2 a4 22. Ra2 Bb7 23. Rha1 c5 24. Kd3 f5 25. exf6 gxf6 26. Bc3 O-O 27. f5 Kf7
28. g4 Bc6 29. b3 d5 30. fxe6+ Kxe6 31. Ng3 Rd8 32. bxa4 dxc4+ 33. Kc2 Kd7 34.
a5 Kc7 35. Re1 Re8 36. Rf1 Bd7 37. h3 Bd8 38. Bd2 Kc8 39. Ra3 Kb7 40. Nh5 Re2
41. Nf4 Re8 42. Nd5 Bc6 43. Ne3 Be4+ 44. Kc3 Bxa5+ 45. Kxc4 Bxd2 46. Rxa6 Kxa6
47. Rxf6+ Kb7 48. Nf5 Bxf5 49. Rxf5 Bb4 50. Rf7+ Kc6 51. Rxh7 Re4+ 52. Kd3 Rd4+
53. Kc2 Kd6 54. Rf7 Ke6 55. Rf2 Rd7 56. Rf3 Rf7 57. Re3+ Kf6 58. h4 Rh7 59. h5
Kg5 60. Re4 Rf7 61. Kd3 Rd7+ 62. Kc4 Rd8 63. Kb3 Rf8 64. Kc4 Rd8 65. Kb3 Rf8 1/2-1/2